[Event "53rd Groningen Open 2015"]
[Site "Groningen NED"]
[Date "2015.12.23"]
[Round "3.1"]
[White "Petrov, Nikita"]
[Black "Van Foreest, Jorden"]
[Result "0-1"]
[WhiteTitle "IM"]
[BlackTitle "IM"]
[WhiteElo "2456"]
[BlackElo "2547"]
[WhiteFideId "4101286"]
[BlackFideId "1039784"]
[EventDate "2015.12.21"]

1. Nf3 d5 2. g3 c6 3. Bg2 Nf6 4. c4 Bf5 5. cxd5 cxd5 6. Qb3 Nc6 7. Qxb7 Bd7 8.
Qb3 e5 9. O-O e4 10. Ne1 Rb8 11. Qd1 h5 12. d3 h4 13. dxe4 dxe4 14. Nc3 hxg3 15.
hxg3 Qa5 16. Bf4 Rxb2 17. Nxe4 Nxe4 18. Bxe4 Qh5 19. g4 Qxg4+ 20. Ng2 g5 21. Rc1
gxf4 22. Bxc6 Bxc6 23. Rxc6 Qh3 24. f3 Be7 0-1

[Event "53rd Groningen Open 2015"]
[Site "Groningen NED"]
[Date "2015.12.23"]
[Round "3.2"]
[White "Werle, Jan"]
[Black "Golubov, Saveliy"]
[Result "1-0"]
[WhiteTitle "GM"]
[BlackTitle "IM"]
[WhiteElo "2542"]
[BlackElo "2452"]
[WhiteFideId "1006088"]
[BlackFideId "24176729"]
[EventDate "2015.12.21"]

1. d4 Nf6 2. c4 e6 3. Nf3 c5 4. d5 b5 5. dxe6 fxe6 6. cxb5 d5 7. g3 Qa5+ 8. Bd2
Qxb5 9. Nc3 Qb6 10. Bg2 Bb7 11. O-O Nbd7 12. e4 d4 13. Na4 Qc6 14. b4 e5 15.
bxc5 Be7 16. Rb1 Rb8 17. Bf4 exf4 18. e5 Nxe5 19. Rxb7 Qxb7 20. Nxe5 Qc7 21. Nc6
Rd8 22. Nxd8 Qxd8 23. Qb3 fxg3 24. hxg3 g6 25. c6 Kf8 26. Qb7 Ne8 27. Qxa7 Nc7
28. Rd1 Nb5 29. Qa6 Nc7 30. Qc4 Bf6 31. Nc5 Kg7 32. Nd7 Re8 33. Nxf6 Qxf6 34.
Rxd4 Re1+ 35. Kh2 1-0

[Event "53rd Groningen Open 2015"]
[Site "Groningen NED"]
[Date "2015.12.23"]
[Round "3.3"]
[White "Kerigan, Demre"]
[Black "Boruchovsky, Avital"]
[Result "0-1"]
[WhiteTitle "IM"]
[BlackTitle "GM"]
[WhiteElo "2374"]
[BlackElo "2540"]
[WhiteFideId "6307841"]
[BlackFideId "2800055"]
[EventDate "2015.12.21"]

1. e4 c5 2. Nf3 e6 3. d4 cxd4 4. Nxd4 a6 5. c4 Nf6 6. Nc3 Qc7 7. Be2 Bb4 8. Nc2
Be7 9. Be3 d6 10. O-O b6 11. f3 Bb7 12. Qd4 Nbd7 13. Rfc1 O-O 14. b4 Rac8 15.
Bf2 Qb8 16. Rd1 Nh5 17. Qd2 Ne5 18. Ne3 Nf4 19. Rac1 d5 20. exd5 Bxb4 21. Qb2
Bc5 22. Ne4 Ba3 23. Qxa3 Nxe2+ 24. Kh1 Nxc1 25. Rxc1 exd5 26. Nd6 Rcd8 27. Nef5
Nxc4 28. Rxc4 dxc4 29. Qc3 f6 30. Qxc4+ Kh8 31. Nf7+ Rxf7 32. Qxf7 Rg8 33. Nh6
Bd5 34. Qxd5 gxh6 35. Bd4 Qf4 36. g3 Qc1+ 37. Kg2 Qc2+ 38. Kg1 Rf8 39. Qd6 Qb1+
40. Kg2 Qxa2+ 41. Kh3 Kg7 42. Qxb6 Qe2 43. Qc7+ Rf7 44. Qf4 Qf1+ 45. Kh4 Qb5 46.
Kh3 Qg5 47. Qe4 Qg6 48. Qd5 Qc2 49. g4 Qc1 50. Qe4 a5 51. Be3 Qf1+ 52. Kg3 Qb5
53. Bf4 Qb4 54. Qe8 Qe7 55. Qb5 Qe1+ 56. Kh3 Qb4 57. Qf5 a4 58. Kh4 a3 59. Kh5
Kg8 60. Bxh6 Qb8 61. Bf4 Qa8 62. g5 a2 63. Kh6 Qf8+ 0-1

[Event "53rd Groningen Open 2015"]
[Site "Groningen NED"]
[Date "2015.12.23"]
[Round "3.4"]
[White "Baskin, Robert"]
[Black "Kasparov, Sergey"]
[Result "1/2-1/2"]
[WhiteTitle "FM"]
[BlackTitle "GM"]
[WhiteElo "2351"]
[BlackElo "2485"]
[WhiteFideId "24662402"]
[BlackFideId "13500481"]
[EventDate "2015.12.21"]

1. e4 d5 2. exd5 Qxd5 3. Nc3 Qd6 4. d4 Nf6 5. Nf3 c6 6. Ne5 Nbd7 7. Nc4 Qc7 8.
Qf3 Nb6 9. Bf4 Qd7 10. Nxb6 axb6 11. O-O-O e6 12. Be5 Nd5 13. Bc4 f6 14. Bg3 Bb4
15. Nxd5 exd5 16. Bd3 Rxa2 17. Kb1 Ra8 18. c3 Be7 19. Qh5+ Kf8 20. h3 Kg8 21.
Rde1 g6 22. Qe2 Kf7 23. Qe3 h5 24. Re2 b5 25. Rhe1 Bd8 26. Qf4 b6 27. Re6 Qa7
28. Rxf6+ Bxf6 29. Bh4 Bf5 30. Bxf5 Qa1+ 31. Kc2 Qxe1 32. Bxg6+ Kg8 33. Bf7+ Kf8
34. Bg6 Qe2+ 35. Kb3 Qc4+ 36. Kc2 Qe2+ 37. Kb3 Qc4+ 38. Kc2 Qe2+ 1/2-1/2

[Event "53rd Groningen Open 2015"]
[Site "Groningen NED"]
[Date "2015.12.23"]
[Round "3.5"]
[White "Shyam, Sundar M."]
[Black "Brink, Barry"]
[Result "1-0"]
[WhiteTitle "GM"]
[WhiteElo "2485"]
[BlackElo "2360"]
[WhiteFideId "5019141"]
[BlackFideId "1009451"]
[EventDate "2015.12.21"]

1. c4 c5 2. Nf3 Nf6 3. Nc3 d5 4. cxd5 Nxd5 5. g3 Nc7 6. Bg2 Nc6 7. a3 e5 8. b4
f6 9. Rb1 Be7 10. bxc5 Bxc5 11. O-O O-O 12. e3 Rb8 13. d4 exd4 14. Na4 Bd6 15.
Nxd4 Nxd4 16. Qxd4 b6 17. Rd1 Be7 18. Qxd8 Rxd8 19. Rxd8+ Bxd8 20. e4 Ne6 21.
Nc3 Be7 22. a4 Bd7 23. a5 b5 24. Bh3 Kf7 25. Be3 a6 26. Nd5 Bf8 27. Rd1 Bc6 28.
Bb6 Ng5 29. Bg2 Bb7 30. h4 Ne6 31. Bh3 Re8 32. Rc1 Bd6 33. Rd1 Bf8 34. Kg2 Rc8
35. Nc7 Rxc7 36. Bxe6+ Kxe6 37. Bxc7 Bxe4+ 38. f3 Bd5 39. Bb6 b4 40. Bd4 b3 41.
Bb2 Bc5 42. h5 g6 43. Re1+ Kf7 44. h6 Bf8 45. Rc1 Bxh6 46. Rc7+ Ke6 47. Rxh7 Bd2
48. Rh4 Bc6 49. Rh1 Bb5 50. Ra1 Bb4 51. g4 f5 52. Kg3 g5 53. gxf5+ Kxf5 54. Rd1
Bc4 55. Rd4 Be1+ 56. Kg2 Bb5 57. Rd5+ Ke6 58. Rxb5 1-0

[Event "53rd Groningen Open 2015"]
[Site "Groningen NED"]
[Date "2015.12.23"]
[Round "3.6"]
[White "De Jong, Migchiel"]
[Black "Soors, Stef"]
[Result "0-1"]
[WhiteTitle "IM"]
[BlackTitle "IM"]
[WhiteElo "2336"]
[BlackElo "2398"]
[WhiteFideId "1002848"]
[BlackFideId "209511"]
[EventDate "2015.12.21"]

1. e4 c6 2. d4 d5 3. Nd2 dxe4 4. Nxe4 Bf5 5. Ng3 Bg6 6. Nh3 e6 7. Nf4 Bd6 8. c3
Nf6 9. h4 Bxf4 10. Bxf4 h6 11. h5 Bh7 12. Qb3 Qe7 13. Be2 O-O 14. O-O Rd8 15.
Rad1 a5 16. c4 a4 17. Qc3 a3 18. b3 Na6 19. Bf3 Rd7 20. Rfe1 Rad8 21. Be5 Qb4
22. Qa1 Qf8 23. d5 cxd5 24. Bxf6 gxf6 25. cxd5 exd5 26. Bg4 Rd6 27. Bf5 d4 28.
Bxh7+ Kxh7 29. Ne4 Re6 30. Rxd4 Rxd4 31. Qxd4 Qb4 32. Ng5+ fxg5 33. Qd3+ Kh8 34.
Rxe6 fxe6 35. Qd8+ Kg7 36. Qd7+ Kf6 37. Qh7 Qf8 38. Qxb7 Nb4 39. Qf3+ Kg7 40.
Qe4 Kf7 41. Qg6+ Ke7 42. Qh7+ Kf6 43. Qg6+ Ke5 44. g3 Kd5 45. Qb1 Qf5 46. Qe1
Qe4 47. Qc3 g4 48. Qd2+ Nd3 49. Qa5+ Kd4 50. Qa4+ Ke5 51. Qa5+ Kf6 52. Qd8+ Kf5
53. Qf8+ Kg5 54. Qg8+ Kxh5 55. Qe8+ Kg5 56. Qe7+ Kh5 57. Qe8+ Qg6 58. Qd8 Qf5
59. Qe8+ Kg5 60. Qd8+ Kg6 61. Qg8+ Kf6 62. Qd8+ Kf7 63. Qd4 Kg6 64. b4 Qf3 65.
Qb6 Qd1+ 66. Kh2 Qe2 67. b5 Nxf2 68. Qd4 Nh3+ 69. Kh1 Qf1+ 70. Kh2 Nf2 71. Qxg4+
Nxg4# 0-1

[Event "53rd Groningen Open 2015"]
[Site "Groningen NED"]
[Date "2015.12.23"]
[Round "3.7"]
[White "Lobzhanidze, Davit"]
[Black "Saravanan, V."]
[Result "1-0"]
[WhiteTitle "IM"]
[BlackTitle "IM"]
[WhiteElo "2425"]
[BlackElo "2283"]
[WhiteFideId "13600796"]
[BlackFideId "5000580"]
[EventDate "2015.12.21"]

1. e4 e6 2. d4 d5 3. Nd2 Nc6 4. Ngf3 Nf6 5. e5 Nd7 6. Nb3 a5 7. a4 b6 8. c3 Ba6
9. Bxa6 Rxa6 10. Ng5 Be7 11. h4 Nf8 12. Qf3 f6 13. exf6 gxf6 14. Qh5+ Kd7 15.
Nf7 Qe8 16. Qe2 Qxf7 17. Qxa6 Rg8 18. g3 Qg6 19. Qe2 e5 20. Be3 Bd6 21. O-O-O
Ne7 22. dxe5 fxe5 23. Qb5+ Kd8 24. Bg5 1-0

[Event "53rd Groningen Open 2015"]
[Site "Groningen NED"]
[Date "2015.12.23"]
[Round "3.9"]
[White "Berkovich, Mark A"]
[Black "Ratsma, Midas"]
[Result "1-0"]
[WhiteTitle "IM"]
[WhiteElo "2353"]
[BlackElo "2131"]
[WhiteFideId "2801639"]
[BlackFideId "1032283"]
[EventDate "2015.12.21"]

1. d4 e6 2. Nf3 Nf6 3. e3 c5 4. Bd3 Nc6 5. O-O d5 6. b3 Bd6 7. Bb2 Qc7 8. c4
cxd4 9. exd4 O-O 10. Nc3 Be7 11. Rc1 Nb4 12. cxd5 Nxd3 13. Qxd3 Qa5 14. dxe6
Bxe6 15. Qb5 Qxb5 16. Nxb5 Bg4 17. Rc7 Bd8 18. Rxb7 a6 19. Na7 Bxf3 20. gxf3 Nd5
21. Nc6 Bg5 22. Ne5 a5 23. Ba3 Nb4 24. Rd1 f6 25. Nd3 Rfb8 26. Rxb8+ Rxb8 27.
Bxb4 axb4 28. Kg2 f5 29. f4 Bf6 30. Ne5 Rc8 31. d5 Kf8 32. Rd2 Ke7 33. Nc6+ Kd7
34. Re2 Bc3 35. Re6 Ra8 36. Ne5+ Kd8 37. d6 Bxe5 38. fxe5 Ra7 39. Kf3 Rf7 40.
Kf4 Kd7 41. Re7+ Rxe7 42. dxe7 g6 43. Kg5 Kxe7 44. Kh6 Ke6 45. f4 Kd5 1-0

[Event "53rd Groningen Open 2015"]
[Site "Groningen NED"]
[Date "2015.12.23"]
[Round "3.10"]
[White "Gerlagh, Joris"]
[Black "Maris, Ivo"]
[Result "1/2-1/2"]
[BlackTitle "FM"]
[WhiteElo "2159"]
[BlackElo "2352"]
[WhiteFideId "1038834"]
[BlackFideId "1028146"]
[EventDate "2015.12.21"]

1. d4 d5 2. c4 e6 3. Nf3 Nf6 4. g3 Be7 5. Bg2 O-O 6. O-O dxc4 7. Qc2 a6 8. Qxc4
b5 9. Qc2 Bb7 10. Bd2 Be4 11. Qc1 Nc6 12. Nc3 Nxd4 13. Nxd4 Bxg2 14. Nxe6 Qd7
15. Nxf8 Qh3 16. f3 Bxf1 17. Qxf1 Bc5+ 18. e3 Qxf1+ 19. Kxf1 Kxf8 20. Ke2 Rd8
21. Rc1 Bd6 22. e4 c5 23. Bg5 h6 24. Bxf6 gxf6 25. b3 1/2-1/2

[Event "53rd Groningen Open 2015"]
[Site "Groningen NED"]
[Date "2015.12.23"]
[Round "3.11"]
[White "Kokje, Joris"]
[Black "Kevlishvili, Robby"]
[Result "0-1"]
[BlackTitle "FM"]
[WhiteElo "1975"]
[BlackElo "2351"]
[WhiteFideId "1051024"]
[BlackFideId "1040634"]
[EventDate "2015.12.21"]

1. d4 d5 2. c4 c6 3. Nf3 Nf6 4. g3 dxc4 5. Bg2 b5 6. O-O Bb7 7. a4 a6 8. Bf4 e6
9. Qc2 Be7 10. Nc3 Nd5 11. Ne4 Nxf4 12. gxf4 Nd7 13. b3 cxb3 14. Qxb3 O-O 15.
Rfc1 Rc8 16. e3 c5 17. Nxc5 Bxc5 18. dxc5 Nxc5 19. Qb4 Nxa4 20. Rd1 Qc7 21. Ne5
Bxg2 22. Kxg2 Rfd8 23. Rac1 Qb7+ 24. Kg3 Rxd1 25. Rxd1 Nb6 26. Rd6 h6 27. Qa5
Nc4 28. Nxc4 Rxc4 29. Qxa6 Qe4 30. Qxb5 Rc1 31. Rd8+ Kh7 32. Qd3 Rg1+ 33. Kh3
Qxd3 34. Rxd3 g5 35. fxg5 hxg5 36. f4 Kg6 37. fxg5 Kxg5 38. Rd7 Kf6 39. Rd4 Ke5
40. Rg4 Re1 41. Kg2 Rxe3 42. h4 Re4 43. Rg5+ f5 44. h5 Kf6 45. Rg6+ Kf7 46. Rg5
Ra4 47. Kg3 Ra8 48. Kh4 Rg8 0-1

[Event "53rd Groningen Open 2015"]
[Site "Groningen NED"]
[Date "2015.12.23"]
[Round "3.12"]
[White "Pajeken, Wolfgang"]
[Black "Ypma, Peter"]
[Result "0-1"]
[WhiteTitle "FM"]
[WhiteElo "2304"]
[BlackElo "2228"]
[WhiteFideId "4622170"]
[BlackFideId "1027255"]
[EventDate "2015.12.21"]

1. d4 d6 2. Nf3 g6 3. c4 Bg7 4. Nc3 c5 5. e3 cxd4 6. exd4 Nf6 7. Be2 O-O 8. O-O
d5 9. c5 b6 10. b4 a5 11. Na4 bxc5 12. bxc5 Ba6 13. Nb6 Bxe2 14. Qxe2 Ra7 15.
Bf4 Nbd7 16. Rab1 Ne4 17. Rfc1 g5 18. Nxd7 Qxd7 19. Bxg5 Qf5 20. Be3 Nc3 21. Qb2
Nxb1 22. Rxb1 Raa8 23. h3 Rfc8 24. a4 Rxc5 25. Qb7 Rcc8 26. Rb5 e6 27. Rxa5 Rab8
28. Qd7 Rd8 29. Qc7 Qb1+ 30. Kh2 Bf8 31. Bf4 Rbc8 32. Qa7 Qf5 33. Bg3 Bd6 34.
Bxd6 Rxd6 35. Rc5 Rdd8 36. Rxc8 Rxc8 37. Qb7 Qf4+ 38. g3 Qc7 39. Qa6 Qc6 40. Qa7
Qc7 41. Qa6 Rb8 42. Qd3 Qc1 43. g4 Qb1 44. Qe3 Rb3 45. Qg5+ Qg6 46. Qd8+ Kg7 47.
Ng5 h6 0-1

[Event "53rd Groningen Open 2015"]
[Site "Groningen NED"]
[Date "2015.12.23"]
[Round "3.13"]
[White "Vrolijk, Liam"]
[Black "Wacker, Peter"]
[Result "1-0"]
[BlackTitle "FM"]
[WhiteElo "2094"]
[BlackElo "2335"]
[WhiteFideId "1048333"]
[BlackFideId "4615751"]
[EventDate "2015.12.21"]

1. d4 f5 2. Bg5 h6 3. Bh4 g5 4. e3 Nf6 5. Bg3 d6 6. Nc3 c6 7. Bd3 Bg7 8. h4 g4
9. h5 Qa5 10. Qd2 Na6 11. Nge2 Nb4 12. Bc4 b5 13. Bb3 Na6 14. Nf4 b4 15. Nce2
Ne4 16. Qd3 d5 17. Ng6 Rg8 18. f3 gxf3 19. gxf3 Nxg3 20. Nxg3 e6 21. e4 fxe4 22.
fxe4 Bd7 23. exd5 cxd5 24. Qe3 Kd8 25. Qf4 Qb6 26. O-O-O Qb8 27. Qf7 Kc7 28. Ne7
Qf8 29. Rhf1 Qxf7 30. Rxf7 Be8 31. Nxd5+ Kd8 32. Rf2 Bh8 33. Ne2 Bxh5 34. Ndf4
Bg4 35. Bxe6 Bxe6 36. Nxe6+ Kd7 37. N2f4 Rae8 38. Rh1 Nc7 39. Nxc7 Kxc7 40. Nd5+
Kb8 41. Nxb4 Rg6 42. d5 Kc7 43. Rf7+ Kb6 44. Nd3 Re4 45. a3 Rd6 46. Kb1 Bd4 47.
c4 Re3 48. Rd1 Rg6 49. Nf4 Rf6 50. Rxf6+ Bxf6 51. d6 1-0

[Event "53rd Groningen Open 2015"]
[Site "Groningen NED"]
[Date "2015.12.23"]
[Round "3.13"]
[White "Von Meijenfeldt, Bart"]
[Black "Willemsma, Abe"]
[Result "1-0"]
[WhiteTitle "FM"]
[WhiteElo "2283"]
[BlackElo "2067"]
[WhiteFideId "1032259"]
[BlackFideId "1011561"]
[EventDate "2015.12.21"]

1. e4 e5 2. Nf3 Nc6 3. Bb5 a6 4. Ba4 Nf6 5. Qe2 b5 6. Bb3 Bc5 7. d3 O-O 8. O-O
h6 9. c3 Re8 10. Be3 Bxe3 11. fxe3 d5 12. exd5 Nxd5 13. Nbd2 Na5 14. Bc2 c5 15.
Qf2 Nf6 16. Rae1 Bb7 17. Nh4 c4 18. d4 e4 19. Nf5 Re6 20. Bd1 Qc7 21. Qh4 Nh7
22. Bh5 Rf8 23. Rf2 Kh8 24. Ref1 g6 25. Nxh6 g5 26. Nxf7+ Rxf7 27. Rxf7 1-0

[Event "53rd Groningen Open 2015"]
[Site "Groningen NED"]
[Date "2015.12.23"]
[Round "3.14"]
[White "Pruijssers, Roeland"]
[Black "Amesz, Jaap"]
[Result "1-0"]
[WhiteTitle "GM"]
[WhiteElo "2489"]
[BlackElo "2166"]
[WhiteFideId "1013068"]
[BlackFideId "1007106"]
[EventDate "2015.12.21"]

1. e4 d5 2. exd5 Nf6 3. d4 Bg4 4. Be2 Bxe2 5. Qxe2 Qxd5 6. Nf3 e6 7. O-O Nc6 8.
Be3 O-O-O 9. c4 Qf5 10. Nc3 g5 11. Rad1 g4 12. Nh4 Qh5 13. g3 Rg8 14. a3 h6 15.
b4 Nh7 16. d5 exd5 17. Nxd5 Qe5 18. Qd3 Ng5 19. b5 Bg7 20. bxc6 bxc6 21. Qf5+
Qxf5 22. Ne7+ Kb7 23. Nhxf5 Bf6 24. Nxg8 Rxg8 25. Nxh6 Nf3+ 26. Kg2 Rh8 27. Nxg4 1-0

[Event "53rd Groningen Open 2015"]
[Site "Groningen NED"]
[Date "2015.12.23"]
[Round "3.15"]
[White "Yaaqoub, Rashid"]
[Black "Beerdsen, Thomas"]
[Result "0-1"]
[WhiteTitle "FM"]
[BlackTitle "FM"]
[WhiteElo "2175"]
[BlackElo "2323"]
[WhiteFideId "12200336"]
[BlackFideId "1030108"]
[EventDate "2015.12.21"]

1. d4 Nf6 2. c4 c6 3. Nf3 d5 4. e3 g6 5. Be2 Bg7 6. Nc3 O-O 7. O-O dxc4 8. Bxc4
Nbd7 9. Bb3 b5 10. Qc2 Bb7 11. Rd1 Rc8 12. a4 b4 13. Ne4 c5 14. Nxf6+ Bxf6 15.
Qe2 Qa5 16. Bd2 e5 17. dxc5 e4 18. Nd4 Nxc5 19. Bc4 Rfd8 20. Qg4 Nd3 21. b3 Rc5
22. Rab1 Rg5 23. Qe2 Bxd4 24. exd4 e3 25. Bxe3 Rxg2+ 26. Kf1 Nxf2 27. Bxf2 Qf5
28. d5 Rxh2 29. Kg1 Rh3 30. Kg2 Bc8 31. Rd3 Rxd3 32. Qxd3 Qg4+ 33. Bg3 Bf5 34.
Qd1 Qe4+ 35. Kf2 Re8 36. Rb2 Qe3+ 37. Kg2 Be4+ 38. Kh3 Qh6+ 39. Bh4 Bf5+ 40. Kg3
Re3+ 41. Kf2 Qf4+ 42. Kg1 Qxh4 43. Bf1 Re1 0-1

[Event "53rd Groningen Open 2015"]
[Site "Groningen NED"]
[Date "2015.12.23"]
[Round "3.16"]
[White "Liu, Yi"]
[Black "Andersen, Alf R."]
[Result "1-0"]
[WhiteTitle "FM"]
[WhiteElo "2306"]
[BlackElo "2163"]
[WhiteFideId "3210588"]
[BlackFideId "1503120"]
[EventDate "2015.12.21"]

1. d4 Nc6 2. Nf3 d6 3. c4 e5 4. Nc3 exd4 5. Nxd4 Nf6 6. g3 Nxd4 7. Qxd4 Be6 8.
Bg2 c6 9. O-O Qb6 10. Qd3 Rd8 11. b3 Be7 12. e4 O-O 13. Bb2 Nd7 14. Ne2 Bf6 15.
Bxf6 Nxf6 16. Nf4 Bc8 17. Rad1 Ng4 18. Qc3 Qc5 19. Rd2 Qg5 20. h3 Ne5 21. Rfd1
Qh6 22. c5 Ng6 23. Nxg6 hxg6 24. h4 Bg4 25. f3 Be6 26. Rxd6 Ra8 27. Qd2 a5 28.
Qxh6 gxh6 29. R1d2 a4 30. b4 a3 31. f4 Ra4 32. R6d4 b6 33. cxb6 Rb8 34. Rd8+
Rxd8 35. Rxd8+ Kg7 36. b7 Bxa2 37. b8=Q Bb3 38. Rg8+ Kh7 39. Qf8 1-0

[Event "53rd Groningen Open 2015"]
[Site "Groningen NED"]
[Date "2015.12.23"]
[Round "3.17"]
[White "Kasparova, Tatiana"]
[Black "Schoppen, Casper"]
[Result "1/2-1/2"]
[WhiteTitle "WIM"]
[WhiteElo "2158"]
[BlackElo "2305"]
[WhiteFideId "13501453"]
[BlackFideId "1046730"]
[EventDate "2015.12.21"]

1. e4 e5 2. Nf3 Nc6 3. Bb5 Nf6 4. d3 Bc5 5. O-O d6 6. c3 O-O 7. Bg5 Bb6 8. Nbd2
Ne7 9. Bxf6 gxf6 10. Nh4 c6 11. Ba4 f5 12. Qh5 f4 13. Ndf3 f6 14. Bb3+ Kg7 15.
Nf5+ Nxf5 16. exf5 d5 17. Nh4 Bd7 18. Kh1 Qe8 19. Qf3 Kh8 20. Rae1 Qf7 21. g3
fxg3 22. hxg3 a5 23. a3 a4 24. Ba2 Be8 25. Kg2 Qh5 26. Rh1 Qxf3+ 27. Nxf3 Bd7
28. Bb1 Bc7 29. Bc2 b5 30. Rh4 Rg8 31. Reh1 Rg7 32. Nh2 Bd8 33. Ng4 Be8 34. Bd1
Bd7 35. Nh6 Rb8 36. Bh5 c5 37. Bg6 hxg6 38. Nf7+ Kg8 39. Nxd8 Kf8 40. Rh8+ Rg8
41. Ne6+ Bxe6 42. fxe6 Rb7 43. R1h7 Rxh7 44. Rxh7 Rg7 45. Rh8+ Ke7 46. Rb8 Kxe6
47. Rxb5 Rc7 48. Rb6+ Kf5 49. Kf3 c4 50. dxc4 Rxc4 51. Rb5 d4 52. cxd4 Rxd4 53.
Ke3 g5 54. b3 axb3 55. Rxb3 g4 56. Ke2 Ke4 57. Re3+ Kf5 58. Rb3 Ke4 59. Re3+ Kf5
60. Rb3 Ke4 1/2-1/2

[Event "53rd Groningen Open 2015"]
[Site "Groningen NED"]
[Date "2015.12.23"]
[Round "3.18"]
[White "Chen, Pengyu"]
[Black "Dehn, Marcus"]
[Result "1-0"]
[WhiteTitle "FM"]
[WhiteElo "2289"]
[BlackElo "2152"]
[WhiteFideId "3212092"]
[BlackFideId "4667093"]
[EventDate "2015.12.21"]

1. d4 g6 2. e4 Bg7 3. c4 d6 4. Nc3 c6 5. f4 Qb6 6. Nge2 e5 7. c5 Qa5 8. cxd6
exd4 9. Nxd4 Nh6 10. Nb3 Qb6 11. Be2 O-O 12. Qd3 Na6 13. Qe3 Qb4 14. Bxa6 bxa6
15. e5 Re8 16. Qc5 a5 17. Qxa5 Qxd6 18. O-O Qe7 19. Ne4 Be6 20. Qc5 Bd5 21. Qxe7
Rxe7 22. Nbc5 Nf5 23. Bd2 Nd4 24. Rfd1 Rb8 25. b3 Rb5 26. Kf1 Kf8 27. Rac1 h6
28. Be1 Nf5 29. Bf2 h5 30. Nc3 Rb4 31. Nxd5 cxd5 32. Nd3 Re4 33. Rc8+ Re8 34.
Bc5+ Ne7 35. Rc7 g5 36. g3 a5 37. Re1 f6 38. e6 Bh6 39. f5 g4 40. Rxe4 dxe4 41.
Ne5 fxe5 42. f6 Ra8 43. Rxe7 1-0

[Event "53rd Groningen Open 2015"]
[Site "Groningen NED"]
[Date "2015.12.23"]
[Round "3.19"]
[White "Kalaiyalahan, Akshaya"]
[Black "Van Osch, Mees"]
[Result "0-1"]
[WhiteElo "2157"]
[BlackElo "2289"]
[WhiteFideId "422894"]
[BlackFideId "1035967"]
[EventDate "2015.12.21"]

1. d4 e6 2. c4 Bb4+ 3. Bd2 a5 4. a3 Bxd2+ 5. Nxd2 Nf6 6. Ngf3 O-O 7. g3 b6 8.
Bg2 Bb7 9. Qc2 d6 10. O-O Nbd7 11. e4 e5 12. d5 a4 13. Ne1 Nc5 14. Nd3 Nxd3 15.
Qxd3 Nd7 16. Rae1 Nc5 17. Qe2 Rb8 18. f4 f6 19. Rf3 Ba6 20. Rc3 Qd7 21. Nf3 b5
22. cxb5 Qxb5 23. Qxb5 Rxb5 24. fxe5 fxe5 25. Ng5 Bc8 26. Re2 Bg4 27. Bf3 Bd7
28. Rf2 Rfb8 29. Ne6 Nxe6 30. dxe6 Bxe6 31. Rxc7 Rxb2 32. Rxb2 Rxb2 33. Ra7 Rb3
34. Bh5 g6 35. Ra8+ Kg7 36. Ra7+ Kf6 37. Be2 Rxa3 38. Rxh7 Re3 39. Kf2 Rxe4 40.
h4 a3 41. Ra7 a2 42. Ra6 Rb4 43. g4 g5 44. h5 Rb1 0-1

[Event "53rd Groningen Open 2015"]
[Site "Groningen NED"]
[Date "2015.12.23"]
[Round "3.20"]
[White "Bezemer, Arno"]
[Black "Bhattacharjee, Sourav"]
[Result "1-0"]
[WhiteTitle "FM"]
[WhiteElo "2287"]
[BlackElo "2067"]
[WhiteFideId "1001396"]
[BlackFideId "1048090"]
[EventDate "2015.12.21"]

1. e4 e5 2. Nf3 Nc6 3. Bb5 a6 4. Ba4 Nf6 5. O-O Be7 6. Re1 b5 7. Bb3 d6 8. c3
O-O 9. d4 Bb7 10. Nbd2 Re8 11. Nf1 Bf8 12. Ng3 g6 13. Ng5 Re7 14. f4 Bg7 15. f5
Na5 16. Bc2 Nc4 17. a4 Re8 18. b3 Nb6 19. Qd3 h6 20. Nf3 bxa4 21. bxa4 a5 22.
Bb3 Ba6 23. Qc2 g5 24. Qa2 d5 25. Nxe5 Nxe4 26. Rxe4 dxe4 27. Bxf7+ Kh8 28. Ng6+
Kh7 29. Be3 Qd7 30. Bxe8 Rxe8 31. h4 Bc4 32. Qf2 gxh4 33. Nh5 Nd5 34. Re1 Nxe3
35. Rxe3 Bf7 36. Nxg7 Kxg7 37. Ne5 Qxa4 38. f6+ Kf8 39. Qxh4 Qd1+ 40. Re1 Qd2
41. Qxe4 a4 42. Rf1 Qg5 43. Qh7 Rxe5 44. dxe5 a3 45. Qh8+ Qg8 46. Qxh6+ Ke8 47.
Qg7 Qxg7 48. fxg7 a2 49. Ra1 Be6 50. Kf2 Kf7 51. Ke3 Kxg7 52. Kd4 1-0

[Event "53rd Groningen Open 2015"]
[Site "Groningen NED"]
[Date "2015.12.23"]
[Round "3.22"]
[White "Boer, Alef"]
[Black "Afek, Yochanan"]
[Result "1-0"]
[BlackTitle "IM"]
[WhiteElo "2125"]
[BlackElo "2267"]
[WhiteFideId "1007122"]
[BlackFideId "2800462"]
[EventDate "2015.12.21"]

1. c4 Nf6 2. Nc3 g6 3. e4 d6 4. d3 Bg7 5. f4 O-O 6. Nf3 c5 7. Be2 Nc6 8. O-O a6
9. Bd2 Rb8 10. Rb1 b5 11. a3 b4 12. axb4 cxb4 13. Nd5 Nd7 14. f5 e6 15. fxe6
fxe6 16. Bg5 Qa5 17. Ra1 Qc5+ 18. Be3 Nd4 19. Ne7+ Kh8 20. Nxc8 Rbxc8 21. Kh1 a5
22. b3 Ra8 23. Rf2 e5 24. Nxd4 exd4 25. Rxf8+ Rxf8 26. Bg1 Ra8 27. Ra2 h5 28.
Qa1 Kh7 29. Bf3 Ra7 30. Bf2 Nf8 31. Ra4 Qg5 32. Bxd4 Bxd4 33. Qxd4 Qc1+ 34. Qg1
Qxg1+ 35. Kxg1 Ne6 36. Bd1 Kg7 37. Ra2 Kf6 38. Kf2 Ke5 39. Ke3 Nd4 40. g3 Ra8
41. h4 Ra7 42. Rf2 a4 43. bxa4 b3 44. Rb2 Rxa4 45. Kd2 Ra1 46. Bxb3 Rg1 47. Bd1
Rxg3 48. Rb8 Ne6 49. Re8 Kf6 50. Ba4 Nf4 51. Rf8+ Ke5 52. d4+ Kxe4 53. Bc2+ Kf3
54. Bd1+ Ke4 55. Bc2+ Kf3 56. c5 dxc5 57. dxc5 Kg4 58. Bd1+ Kxh4 59. Rxf4+ Kg5
60. Rf8 Ra3 61. c6 Ra7 62. Ke3 Kh4 63. Rh8 Rg7 64. Kd4 Kg3 65. Bxh5 1-0

[Event "53rd Groningen Open 2015"]
[Site "Groningen NED"]
[Date "2015.12.23"]
[Round "3.24"]
[White "Den Hartog, Marijn"]
[Black "Henseler, Jorgen"]
[Result "0-1"]
[WhiteElo "2197"]
[BlackElo "2044"]
[WhiteFideId "1046098"]
[BlackFideId "1023233"]
[EventDate "2015.12.21"]

1. e4 e5 2. Nf3 Nc6 3. Bb5 Nf6 4. d3 Bc5 5. c3 d6 6. O-O Bb6 7. h3 O-O 8. Nbd2
Ne7 9. Re1 Ng6 10. d4 exd4 11. cxd4 Nh5 12. Nc4 Nhf4 13. Nxb6 axb6 14. Bf1 d5
15. e5 f6 16. Bxf4 Nxf4 17. Re3 Bf5 18. Qb3 c6 19. Rae1 b5 20. a3 fxe5 21. Nxe5
Qd6 22. g3 Ne6 23. Nf3 Rf6 24. Bg2 Be4 25. Qc3 Raf8 26. R1e2 Rh6 27. Nd2 Bxg2
28. Kxg2 Rg6 29. Kh2 Rgf6 30. f4 h5 31. Re5 h4 32. Rg2 R8f7 33. Qe3 hxg3+ 34.
Rxg3 Nxf4 35. Re8+ Rf8 36. Rxf8+ Rxf8 37. Kg1 Ne2+ 0-1